00385 2200157 4500245004600000020001800046250001100064100002000075650001700095005001900112260004200131041001400173084000800187300002300195336000900218 aThe Princess in MecDonna RosamaynahText a979-22-1356-2 aCet. 2 aDonna Rosamayna aNovel Remaja a20240223135749 aJakartabGramedia Pustaka Utamac2005 aIndonesia a813 a272 hlm. :c20 cm. atext